000 00493nam a2200157Ia 4500
008 120925t1991 xxu||||| |||| 00| 0 sin d
041 _asin
080 _a(x) 8 S 3 (Youth)
_bGUN
245 _aකැළෑ මලක සුවඳ දියණියකගේ කතාවක්
246 _aKala Malaka Suwada Diyaniyakage Kathawak
260 _aChandradasa Hewage
_aRajagiriya
_c1991
300 _b80p, ill, 18 cm
942 _cBK
999 _c42977
_d42977
003 LK-CoDNM
040 _aLK-CoDNM
_dLK-CoDNM
_eLK-CoDNM